书目信息 |
| 题名: |
罗马三巨头
|
|
| 作者: | 梅里维尔, 著 ;郭威 译 | |
| 分册: | ||
| 出版信息: | 北京 华文出版社 2019.07 |
|
| 页数: | 311页 | |
| 开本: | 25cm | |
| 丛书名: | 华文全球史 | |
| 单 册: | ||
| 中图分类: | K126 | |
| 科图分类: | ||
| 主题词: | 罗马帝国--luo ma di guo--历史 | |
| 电子资源: | ||
| ISBN: | 978-7-5075-5123-5 | |
| 000 | 01292nam 2200277 450 | |
| 001 | 2037065571 | |
| 005 | 20201106101757.96 | |
| 010 | @a978-7-5075-5123-5@b精装@dCNY80.00 | |
| 100 | @a20191202d2019 em y0chiy50 ea | |
| 101 | 1 | @achi@ceng |
| 102 | @aCN@b110000 | |
| 105 | @aab z 000yy | |
| 200 | 1 | @a罗马三巨头@Aluo ma san ju tou@d= The Roman triumvirates@f(英) 查尔斯·梅里维尔著@g郭威译@zeng |
| 210 | @a北京@c华文出版社@d2019.07 | |
| 215 | @a311页@c图, 地图@d25cm | |
| 225 | 2 | @a华文全球史@Ahua wen quan qiu shi@v020 |
| 314 | @a查尔斯·梅里维尔, 英国著名历史学家, 剑桥大学圣约翰学院院士, 剑桥大学现代史教授, 伊利学院院长。郭威, 中国社会科研院研究生院博士, 山西大学外国语学院副教授, 美国南加州大学访问学者。 | |
| 330 | @a本书讲述了罗马前三巨头和后三巨头的崛起、统治、斗争与瓦解, 以及罗马共和国末期的对外征服史和对内统治史, 剖析了罗马由共和国向帝国演变的原因与路径。书中涉及格涅乌斯·庞培·马格努斯的崛起、卢修斯·塞尔吉乌斯·喀提林的阴谋、罗马共和国内战、菲利皮战役等重大历史事件。 | |
| 410 | 0 | @12001 @a华文全球史@v020 |
| 500 | 10 | @aRoman triumvirates@mChinese |
| 606 | 0 | @a罗马帝国@Aluo ma di guo@x历史 |
| 690 | @aK126@v5 | |
| 701 | 1 | @a梅里维尔,@Amei li wei er@b查尔斯@4著 |
| 702 | 0 | @a郭威@Aguo wei@4译 |
| 801 | 0 | @aCN@b人天书店@c20201003 |
| 905 | @aZUCC@dK126@eM442 | |
| 罗马三巨头= The Roman triumvirates/(英) 查尔斯·梅里维尔著/郭威译.-北京:华文出版社,2019.07 |
| 311页:图, 地图;25cm.-(华文全球史;020) |
| ISBN 978-7-5075-5123-5(精装):CNY80.00 |
| 本书讲述了罗马前三巨头和后三巨头的崛起、统治、斗争与瓦解, 以及罗马共和国末期的对外征服史和对内统治史, 剖析了罗马由共和国向帝国演变的原因与路径。书中涉及格涅乌斯·庞培·马格努斯的崛起、卢修斯·塞尔吉乌斯·喀提林的阴谋、罗马共和国内战、菲利皮战役等重大历史事件。 |
| ● |
| 相关链接 |
|
|
|
正题名:罗马三巨头
索取号:K126/M442
 
预约/预借
| 序号 | 登录号 | 条形码 | 馆藏地/架位号 | 状态 | 备注 |
| 1 | 1481643 | 214816430 | 社科库309/309社科库 104排6列4层/ [索取号:K126/M442] | 在馆 | |
| 2 | 1481644 | 214816449 | 社科库309/309社科库 104排6列4层/ [索取号:K126/M442] | 在馆 | |
| 3 | 1481645 | 214816458 | 社科库309/309社科库 104排6列4层/ [索取号:K126/M442] | 在馆 |